000 00699nam a2200289Ia 4500
005 20260324134917.0
008 008 260324s9999 xx 000 0 eng d
020 _a9781315249711
037 _aEBOOK
040 _aCRL
040 _beng
040 _cCRL
041 _2eng
041 _aeng
084 _qCRL
100 _aP.N. Furbank; Felicia Gordon
_91198613
245 0 _aMarie Madeleine Jodin 1741–1790
245 0 _bActress, Philosophe and Feminist
260 _bTaylor and Francis
260 _c2001
365 _a
365 _b205
856 _uhttp://www.taylorfrancis.com/books/9781315249711
942 _cEBOOK
999 _c1799170
_d1799170